Popular Anime Series - Statistics

General Stats
  • This quiz has been taken 452 times
  • The average score is 10 of 17
Answer Stats
Description Anime title % Correct
Group of rag tag pirates search for legendary treasure. One Piece
96%
Boy stumbles upon a notebook granting him the power to kill people by writing their names inside. Death Note
93%
Man has the power to destroy monsters with one punch...but overwhelming power can be kinda boring. One Punch Man
93%
Optimistic young boy and friends attempt to be the best there is through catching pocket monsters. Pokemon
90%
Military fights giant man eating monsters who destroy the walls of their colony. Attack on Titan
89%
Mad scientist tries to change the future with his time travelling microwave. Steins Gate
66%
The adventures of a laid back bounty hunter and his team in space. Cowboy Bebop
64%
Young man leads a revolution against Britannia with the power to directly command whoever he pleases. Code Geass
63%
Young boy is actually a genius detective. Detective Conan
61%
Incredibly strong fighter defends earth from extraterrestrials. Dragon Ball
55%
Alien invasion takes over the human brain, except a teenager who's arm is inhabited by one of the aliens as they fight for survival. Parasyte The Maxim
54%
Teens must fight monsters in mechs whilst dealing with internal issues and angst. Neon Genesis Evangelion
45%
Waitress hires two samurai to help her find the samurai who smells of sunflowers. Samurai Champloo
39%
Two alchmeist brothers search for the philosophers stone after a failed attempt to revive their dead mother. Full Metal Alchmeist
36%
Skilled swordsman with gigantic sword joins a group of mercenaries. Berserk
27%
Brain surgeon attempts to stop the murderous rampage of one of his former patients. Monster
21%
Business man joins a group of pirates in a violent and corrupt city off of Thailand. Black lagoon
16%
No matching quizzes found
Score Distribution
Percent of People with Each Score
Percentile by Number Answered
Your Score History
You have not taken this quiz